[Event "SVK-chT2B 2324"]
[White "Mojzis, Peter"]
[Black "Kovacsik, Richard"]
[Site "Slovakia"]
[Round "10.8"]
[Result "0-1"]
[Date "2024.03.16"]
[WhiteElo "1627"]
[BlackElo "1598"]
[PlyCount "94"]
[EventDate "2023.10.07"]
[EventType "team-tourn"]
[EventRounds "11"]
[EventCountry "SVK"]
[SourceTitle "EXT 2025"]
[Source "ChessBase"]
[SourceDate "2024.10.14"]
[SourceVersion "1"]
[SourceVersionDate "2024.10.14"]
[SourceQuality "1"]
[WhiteTeam "Prievidza II"]
[BlackTeam "Levice III"]
[WhiteTeamCountry "SVK"]
[BlackTeamCountry "SVK"]

1. e4 c5 2. f4 Nc6 3. Nf3 g6 4. Nc3 Bg7 5. g3 d6 6. h3 Nf6 7. d3 0-0 8. Nd5 Nxd5 9. exd5 Nd4 10. c3 Nxf3+ 11. Qxf3 e6 12. dxe6 Qe7 13. Qe4 Bxe6 14. Kf2 Rae8 15. Bg2 Bc8 16. Re1 Qd7 17. Qc4 Rxe1 18. Kxe1 Re8+ 19. Kf2 Qe7 20. Qe4 Bf5 21. Qxe7 Rxe7 22. Be3 Bxd3 23. Rd1 c4 24. Bf1 Bxf1 25. Rxf1 a6 26. Rd1 Bf8 27. Bb6 Rd7 28. Rd5 f5 29. Ke3 Re7+ 30. Kf2 Rd7 31. Bc5 Kf7 32. Bb6 Bg7 33. Ba7 Ke6 34. Rd2 b5 35. Bd4 Bxd4+ 36. Rxd4 Re7 37. Ke3 d5 38. Kf3 Kd6 39. Rd1 Kc5 40. h4 h5 41. Kf2 Re4 42. b4+ cxb3 43. axb3 a5 44. Ra1 a4 45. bxa4 Rxa4 46. Rb1 Ra3 47. Rc1 Kc4 0-1

[Event "SVK-chT2B 2324"]
[White "Kovacsik, Richard"]
[Black "Hajdu, Peter"]
[Site "Slovakia"]
[Round "6.8"]
[Result "0-1"]
[Date "2023.12.03"]
[WhiteElo "1598"]
[BlackElo "1631"]
[PlyCount "38"]
[EventDate "2023.10.07"]
[EventType "team-tourn"]
[EventRounds "11"]
[EventCountry "SVK"]
[SourceTitle "EXT 2025"]
[Source "ChessBase"]
[SourceDate "2024.10.14"]
[SourceVersion "1"]
[SourceVersionDate "2024.10.14"]
[SourceQuality "1"]
[WhiteTeam "Levice III"]
[BlackTeam "Nove Zamky"]
[WhiteTeamCountry "SVK"]
[BlackTeamCountry "SVK"]

1. d4 Nf6 2. c4 g6 3. Nc3 d5 4. cxd5 Nxd5 5. Nf3 Bg7 6. e4 Nxc3 7. bxc3 c5 8. Bb5+ Bd7 9. Bxd7+ Qxd7 10. Be3 0-0 11. Qd2 cxd4 12. cxd4 Qg4 13. 0-0 Qxe4 14. Rfe1 Qd5 15. Bh6 Nc6 16. Bxg7 Kxg7 17. Qb2 b6 18. Rad1 Rfd8 19. Ne5 Nxe5 0-1

[Event "SVK-chT2B 2122"]
[White "Pallag, Gergely"]
[Black "Kovacsik, Richard"]
[Site "Slovakia"]
[Round "8.5"]
[Result "1/2-1/2"]
[Date "2022.03.26"]
[WhiteElo "1963"]
[BlackElo "1589"]
[PlyCount "39"]
[EventDate "2021.10.16"]
[EventType "team-tourn"]
[EventRounds "11"]
[EventCountry "SVK"]
[SourceTitle "EXT 2023"]
[Source "ChessBase"]
[SourceDate "2022.10.05"]
[SourceVersion "1"]
[SourceVersionDate "2022.10.05"]
[SourceQuality "1"]
[WhiteTeam "Komarno II"]
[BlackTeam "Levice II"]
[WhiteTeamCountry "SVK"]
[BlackTeamCountry "SVK"]

1. d4 d5 2. Nf3 Nf6 3. e3 Bf5 4. Bd3 Bxd3 5. Qxd3 e6 6. Nbd2 c5 7. dxc5 Nc6 8. Qb5 Qc7 9. b4 a6 10. Qa4 a5 11. Nb3 Nd7 12. a3 Be7 13. Bb2 0-0 14. b5 Na7 15. b6 Qc6 16. Qg4 Nf6 17. Qg5 Nc8 18. Ne5 Qb5 19. Ng4 Ne8 20. Qe5 1/2-1/2

[Event "SVK-chT2B 1920"]
[White "Kovacsik, Richard"]
[Black "Kuna, Patrik"]
[Site "Slovakia"]
[Round "5.8"]
[Result "0-1"]
[Date "2019.12.14"]
[WhiteElo "1540"]
[BlackElo "1785"]
[PlyCount "111"]
[EventDate "2019.10.26"]
[EventType "team-tourn"]
[EventRounds "11"]
[EventCountry "SVK"]
[SourceTitle "CBM 194 Extra"]
[Source "ChessBase"]
[SourceDate "2020.03.31"]
[SourceVersion "1"]
[SourceVersionDate "2020.03.31"]
[SourceQuality "1"]
[WhiteTeam "Levice"]
[BlackTeam "Tlmace"]
[WhiteTeamCountry "SVK"]
[BlackTeamCountry "SVK"]

1. d4 d5 2. c4 e6 3. Nc3 Nf6 4. cxd5 exd5 5. Bg5 Nbd7 6. Nf3 c6 7. e3 Bd6 8. Bd3 0-0 9. 0-0 Re8 10. Rb1 Nf8 11. b4 Ng6 12. b5 h6 13. Bxf6 Qxf6 14. h3 Nh4 15. Nxh4 Qxh4 16. Qf3 h5 17. Bf5 Bxf5 18. Qxf5 Re6 19. g3 Rf6 20. gxh4 Rxf5 21. bxc6 bxc6 22. Rb7 a5 23. Rfb1 Bb4 24. Ne2 Rf6 25. Rc7 Bd6 26. Rd7 Bb4 27. Rc7 Kf8 28. Nc1 Ke8 29. Nd3 Kd8 30. Rb7 Kc8 31. Nxb4 axb4 32. R1xb4 Rxa2 33. Rb2 Ra1+ 34. Rb1 Rg6+ 35. Kh2 Rxb1 36. Rxb1 Kc7 37. Rg1 Rxg1 38. Kxg1 Kd6 39. Kg2 Ke6 40. Kg3 Kf5 41. f3 f6 42. Kf2 g6 43. Kg2 Ke6 44. Kg3 Kd6 45. e4 c5 46. dxc5+ Kxc5 47. exd5 Kxd5 48. Kf2 Kd4 49. Ke2 f5 50. Kd2 f4 51. Ke2 Kc3 52. Ke1 Kd3 53. Kf2 Kd2 54. Kf1 Ke3 55. Kg2 Ke2 56. Kg1 0-1

[Event "Levice Toth Memorial"]
[White "Kukan, Michal"]
[Black "Kovacsik, Richard"]
[Site "Levice"]
[Round "3"]
[Result "1-0"]
[Date "2019.08.02"]
[WhiteElo "1722"]
[BlackElo "1530"]
[PlyCount "67"]
[EventDate "2019.08.01"]
[EventType "swiss"]
[EventRounds "7"]
[EventCountry "SVK"]
[SourceTitle "EXT 2020"]
[Source "ChessBase"]
[SourceDate "2019.10.17"]
[SourceVersion "1"]
[SourceVersionDate "2019.10.17"]
[SourceQuality "1"]

1. c4 c5 2. Nc3 Nc6 3. g3 g6 4. Bg2 Bg7 5. e3 d6 6. Nge2 Nf6 7. d4 cxd4 8. exd4 0-0 9. 0-0 Qc7 10. Bg5 b6 11. c5 Bb7 12. d5 Nd8 13. c6 Ba6 14. a4 Bxe2 15. Qxe2 a6 16. Rac1 e6 17. Qf3 Nxd5 18. Nxd5 exd5 19. b4 d4 20. Rfe1 Ne6 21. Bf6 Rac8 22. h4 Nd8 23. Re7 Qb8 24. Kh2 Rc7 25. h5 Ne6 26. Bh3 Rxe7 27. Bxe7 Rc8 28. c7 Qa7 29. Bxd6 Ng5 30. Qg4 Ne6 31. Qxe6 fxe6 32. Bxe6+ Kh8 33. Bxc8 d3 34. Be6 1-0